| 000 | 00588nam a2200181Ia 4500 | ||
|---|---|---|---|
| 003 | GCL | ||
| 008 | 140319s9999 xx 000 0 ara d | ||
| 040 |
_aGCL / _cGCL |
||
| 082 | 0 | 4 |
_a822.043 _bو م |
| 100 | 1 | _aوايلد, اوسكار | |
| 245 | 1 | 0 |
_aمن الاعماق (هدية من الاديب عبدالفتاح الجمل) / _cوايلد, اوسكار |
| 300 | _a160 ص | ||
| 490 | _a | ||
| 650 | 0 | 4 | _aالادب الانجليزى المترجم |
| 650 | 0 | 4 | _aالمسرحيات الانجليزية المترجمة |
| 650 | 0 | 4 | _aوايلد , اوسكار |
| 942 |
_2ddc _cBK |
||
| 999 |
_c40115 _d40115 |
||